[Event "Ruhrgebiet Verbandsklasse Gruppe 1 1819"]
[Site "Nordrheinwestfalen"]
[Date "2019.03.24"]
[Round "8.2"]
[White "Markus, Peter"]
[Black "Borgschulze, Maik"]
[Result "0-1"]
[WhiteElo "1950"]
[BlackElo "2134"]
[PlyCount "44"]
[EventDate "2018.09.23"]
[EventType "team-tourn"]
[EventRounds "9"]
[EventCountry "GER"]
[SourceTitle "EXT 2022"]
[Source "ChessBase"]
[SourceDate "2021.10.06"]
[SourceVersion "1"]
[SourceVersionDate "2021.10.06"]
[SourceQuality "1"]
[WhiteTeam "Guennigfeld SV"]
[BlackTeam "Mengede SG"]
[WhiteTeamCountry "GER"]
[BlackTeamCountry "GER"]

1. e4 e6 2. d4 d5 3. Bd3 c5 4. exd5 exd5 5. dxc5 Bxc5 6. Nf3 Nf6 7. 0-0 0-0 8. Re1 Qb6 9. Rf1 Re8 10. Nc3 Qd6 11. Na4 Bb4 12. Bd2 Bg4 13. Nc3 a6 14. Be2 Nc6 15. h3 Bh5 16. Bd3 Nd4 17. Bg5 Nxf3+ 18. gxf3 d4 19. Nb1 Qd5 20. Bxf6 gxf6 21. Be4 Rxe4 22. fxe4 Qg5+ 0-1

[Event "Ruhrgebiet Verbandsklasse Gruppe 1 1819"]
[Site "Nordrheinwestfalen"]
[Date "2019.03.10"]
[Round "7.1"]
[White "Patzer, Joerg"]
[Black "Borgschulze, Maik"]
[Result "1/2-1/2"]
[WhiteElo "1857"]
[BlackElo "2134"]
[PlyCount "35"]
[EventDate "2018.09.23"]
[EventType "team-tourn"]
[EventRounds "9"]
[EventCountry "GER"]
[SourceTitle "EXT 2022"]
[Source "ChessBase"]
[SourceDate "2021.10.06"]
[SourceVersion "1"]
[SourceVersionDate "2021.10.06"]
[SourceQuality "1"]
[WhiteTeam "Horst Emscher II"]
[BlackTeam "Mengede SG"]
[WhiteTeamCountry "GER"]
[BlackTeamCountry "GER"]

1. f4 Nf6 2. Nf3 g6 3. b3 Bg7 4. Bb2 0-0 5. e3 d6 6. d4 Nbd7 7. Be2 e5 8. 0-0 Ng4 9. Qd2 exf4 10. exf4 Re8 11. Nc3 Ndf6 12. Bd3 Nh5 13. Rae1 Rxe1 14. Rxe1 c6 15. Nd1 Bh6 16. g3 Ngf6 17. Nf2 Ng4 18. c4 1/2-1/2

[Event "Ruhrgebiet Verbandsklasse Gruppe 1 1819"]
[Site "Nordrheinwestfalen"]
[Date "2019.02.03"]
[Round "6.2"]
[White "Ophoven, Hermann"]
[Black "Borgschulze, Maik"]
[Result "1/2-1/2"]
[WhiteElo "1718"]
[BlackElo "2134"]
[PlyCount "57"]
[EventDate "2018.09.23"]
[EventType "team-tourn"]
[EventRounds "9"]
[EventCountry "GER"]
[SourceTitle "EXT 2022"]
[Source "ChessBase"]
[SourceDate "2021.10.06"]
[SourceVersion "1"]
[SourceVersionDate "2021.10.06"]
[SourceQuality "1"]
[WhiteTeam "Steele/Kray Rochade II"]
[BlackTeam "Mengede SG"]
[WhiteTeamCountry "GER"]
[BlackTeamCountry "GER"]

1. c4 Nf6 2. Nc3 e5 3. Nf3 Nc6 4. d4 exd4 5. Nxd4 Bb4 6. Bg5 h6 7. Bh4 Bxc3+ 8. bxc3 0-0 9. f3 Re8 10. Qc2 Ne5 11. e4 Ng6 12. Bf2 d6 13. Qd2 Bd7 14. Be2 a6 15. 0-0 Qe7 16. Rfe1 Rad8 17. Rab1 Bc8 18. Bf1 Qe5 19. Ne2 Qa5 20. Qc2 Qg5 21. Qc1 Qa5 22. Qc2 Re7 23. Nd4 Rde8 24. Qb2 Qh5 25. Qd2 Ne5 26. Bg3 c6 27. Nc2 Rd8 28. Ne3 Ree8 29. Qc2 1/2-1/2

[Event "Ruhrgebiet Verbandsklasse Gruppe 1 1819"]
[Site "Nordrheinwestfalen"]
[Date "2018.12.02"]
[Round "4.2"]
[White "Borgschulze, Maik"]
[Black "Grodotzki, Thomas"]
[Result "1/2-1/2"]
[WhiteElo "2134"]
[BlackElo "1964"]
[PlyCount "46"]
[EventDate "2018.09.23"]
[EventType "team-tourn"]
[EventRounds "9"]
[EventCountry "GER"]
[SourceTitle "EXT 2022"]
[Source "ChessBase"]
[SourceDate "2021.10.06"]
[SourceVersion "1"]
[SourceVersionDate "2021.10.06"]
[SourceQuality "1"]
[WhiteTeam "Mengede SG"]
[BlackTeam "Bergeborbeck Wacker"]
[WhiteTeamCountry "GER"]
[BlackTeamCountry "GER"]

1. d4 f5 2. g3 Nf6 3. Bg2 g6 4. Nf3 Bg7 5. 0-0 0-0 6. c4 d6 7. Nc3 Qe8 8. b3 c6 9. Bb2 Na6 10. d5 Bd7 11. Nd4 Nc7 12. Qd2 c5 13. Ne6 Nxe6 14. dxe6 Bxe6 15. Bxb7 Rb8 16. Bg2 Bd7 17. Nd5 Nxd5 18. Bxd5+ Kh8 19. Bxg7+ Kxg7 20. Qc3+ Kh6 21. Qd2+ Kg7 22. Qc3+ Kh6 23. Qd2+ Kg7 1/2-1/2

[Event "Ruhrgebiet Verbandsklasse Gruppe 3 1718"]
[Site "Germany"]
[Date "2018.04.29"]
[Round "9.1"]
[White "Schwake, Peter"]
[Black "Borgschulze, Maik"]
[Result "0-1"]
[WhiteElo "1854"]
[BlackElo "2131"]
[PlyCount "78"]
[EventDate "2017.09.17"]
[EventType "team-tourn"]
[EventRounds "9"]
[EventCountry "GER"]
[SourceTitle "EXT 2022"]
[Source "ChessBase"]
[SourceDate "2021.10.06"]
[SourceVersion "1"]
[SourceVersionDate "2021.10.06"]
[SourceQuality "1"]
[WhiteTeam "Winz Baak SG"]
[BlackTeam "Mengede SG"]
[WhiteTeamCountry "GER"]
[BlackTeamCountry "GER"]

1. d4 Nf6 2. c4 g6 3. Nc3 Bg7 4. e4 d6 5. Nf3 0-0 6. Be2 e5 7. d5 a5 8. 0-0 Na6 9. Ne1 Nc5 10. f3 Ne8 11. Nd3 f5 12. Be3 b6 13. Nxc5 dxc5 14. Qc2 Bd7 15. b3 Nd6 16. a3 Rf7 17. Rab1 Qf8 18. Nb5 Bxb5 19. cxb5 Bh6 20. Bf2 fxe4 21. b4 axb4 22. axb4 exf3 23. Bxf3 cxb4 24. Rxb4 Kh8 25. Qb2 Bg7 26. Be4 Rf4 27. Re1 Qf7 28. Bf3 Rxb4 29. Qxb4 Ra5 30. Bg3 Rxb5 31. Qh4 Qf6 32. Qg4 Qf5 33. Qxf5 Nxf5 34. Bxe5 Bxe5 35. Rxe5 Rc5 36. Kf2 Kg7 37. g4 Rc2+ 38. Re2 Rxe2+ 39. Bxe2 Ne7 0-1

[Event "Ruhrgebiet Verbandsklasse Gruppe 3 1718"]
[Site "Germany"]
[Date "2018.02.25"]
[Round "7.1"]
[White "Dergatschova, Anna"]
[Black "Borgschulze, Maik"]
[Result "1-0"]
[WhiteElo "2114"]
[BlackElo "2144"]
[PlyCount "75"]
[EventDate "2017.09.17"]
[EventType "team-tourn"]
[EventRounds "9"]
[EventCountry "GER"]
[SourceTitle "EXT 2022"]
[Source "ChessBase"]
[SourceDate "2021.10.06"]
[SourceVersion "1"]
[SourceVersionDate "2021.10.06"]
[SourceQuality "1"]
[WhiteTeam "Ruettenscheid Rochade"]
[BlackTeam "Mengede SG"]
[WhiteTeamCountry "GER"]
[BlackTeamCountry "GER"]

1. e4 e6 2. c4 d5 3. cxd5 exd5 4. exd5 Nf6 5. Bb5+ Nbd7 6. Nc3 Be7 7. d3 0-0 8. Bc4 Re8 9. Nge2 Ne5 10. 0-0 a6 11. a4 Bd6 12. Bg5 Nxc4 13. dxc4 Bxh2+ 14. Kh1 Bd6 15. Qd4 Be5 16. Qd3 Bg4 17. f4 Bd6 18. Ng3 h6 19. Bh4 Be7 20. Bxf6 Bxf6 21. Rae1 Rxe1 22. Rxe1 c6 23. Nce4 cxd5 24. cxd5 Bxb2 25. Rb1 f5 26. Nf2 Qh4+ 27. Kg1 Bd4 28. Qxd4 Qxg3 29. Nxg4 fxg4 30. Qe5 Qd3 31. Rxb7 Qg6 32. d6 Rc8 33. Rc7 Rb8 34. Rc1 Qd3 35. d7 Rf8 36. Qe6+ Kh7 37. f5 Rxf5 38. Qxf5+ 1-0

[Event "Ruhrgebiet Verbandsklasse Gruppe 3 1718"]
[Site "Germany"]
[Date "2018.01.14"]
[Round "5.1"]
[White "Mueller, Martin"]
[Black "Borgschulze, Maik"]
[Result "0-1"]
[WhiteElo "2033"]
[BlackElo "2144"]
[PlyCount "60"]
[EventDate "2017.09.17"]
[EventType "team-tourn"]
[EventRounds "9"]
[EventCountry "GER"]
[SourceTitle "EXT 2022"]
[Source "ChessBase"]
[SourceDate "2021.10.06"]
[SourceVersion "1"]
[SourceVersionDate "2021.10.06"]
[SourceQuality "1"]
[WhiteTeam "Wanne-Eickel SV Unser Fritz"]
[BlackTeam "Mengede SG"]
[WhiteTeamCountry "GER"]
[BlackTeamCountry "GER"]

1. e4 e6 2. d4 d5 3. Nc3 Bb4 4. e5 c5 5. Bd2 Ne7 6. a3 Bxc3 7. Bxc3 Nbc6 8. Nf3 Qb6 9. Be2 Nf5 10. dxc5 Qxc5 11. g4 Nfe7 12. Rg1 Bd7 13. Qd2 a5 14. Rd1 a4 15. h4 0-0-0 16. Rg3 h5 17. Ng5 Be8 18. Bb4 Qb6 19. Rc3 Kb8 20. Bd6+ Ka8 21. Rc5 Rxd6 22. Rb5 Qd8 23. exd6 Qxd6 24. Ne4 Qe5 25. Qe3 Nc8 26. Nc5 Qxe3 27. fxe3 Nd6 28. Rb6 hxg4 29. Nxa4 Rxh4 30. Kd2 Rh2 0-1

[Event "Ruhrgebiet Verbandsklasse Gruppe 3 1617"]
[Site "Germany"]
[Date "2017.03.12"]
[Round "8.1"]
[White "Borgschulze, Maik"]
[Black "Oberbarnscheidt, Ludger"]
[Result "1-0"]
[WhiteElo "2128"]
[BlackElo "2070"]
[PlyCount "63"]
[EventDate "2016.09.04"]
[EventType "team-tourn"]
[EventRounds "9"]
[EventCountry "GER"]
[SourceTitle "EXT 2022"]
[Source "ChessBase"]
[SourceDate "2021.10.06"]
[SourceVersion "1"]
[SourceVersionDate "2021.10.06"]
[SourceQuality "1"]
[WhiteTeam "Mengede SG"]
[BlackTeam "Hoentrop SG"]
[WhiteTeamCountry "GER"]
[BlackTeamCountry "GER"]

1. d4 e6 2. c4 d5 3. Nc3 Nf6 4. Nf3 c6 5. e3 Nbd7 6. Bd3 dxc4 7. Bxc4 b5 8. Bd3 a6 9. e4 c5 10. d5 Qc7 11. 0-0 c4 12. dxe6 fxe6 13. Bc2 Bd6 14. Nd4 Bxh2+ 15. Kh1 Nc5 16. f4 b4 17. e5 Bb7 18. Kxh2 bxc3 19. exf6 0-0-0 20. bxc3 gxf6 21. Qe2 Rhg8 22. Rf2 e5 23. Bf5+ Kb8 24. Ne6 Nxe6 25. Bxe6 exf4 26. Bxf4 Rxg2+ 27. Rxg2 Qxf4+ 28. Kg1 Bxg2 29. Qxg2 Qe3+ 30. Kh1 Kc7 31. Rb1 Qh6+ 32. Bh3 1-0

[Event "Ruhrgebiet Verbandsklasse Gruppe 3 1516"]
[Site "Germany"]
[Date "2015.11.29"]
[Round "4.2"]
[White "Kordonowski, Frank"]
[Black "Borgschulze, Maik"]
[Result "0-1"]
[WhiteElo "1951"]
[BlackElo "2109"]
[PlyCount "92"]
[EventDate "2015.09.06"]
[EventType "team-tourn"]
[EventRounds "9"]
[EventCountry "GER"]
[SourceTitle "EXT 2022"]
[Source "ChessBase"]
[SourceDate "2021.10.06"]
[SourceVersion "1"]
[SourceVersionDate "2021.10.06"]
[SourceQuality "1"]
[WhiteTeam "Altenessen"]
[BlackTeam "Mengede SG"]
[WhiteTeamCountry "GER"]
[BlackTeamCountry "GER"]

1. g3 Nf6 2. Bg2 g6 3. c4 Bg7 4. Nc3 0-0 5. Nf3 d6 6. 0-0 c5 7. d3 Nc6 8. h3 Bd7 9. e4 Ne8 10. Kh2 Nc7 11. Be3 Ne6 12. Qd2 Ned4 13. Nh4 Rb8 14. f4 f5 15. Rae1 Kh8 16. a3 b5 17. cxb5 Nxb5 18. e5 Nbd4 19. exd6 exd6 20. Bd5 Qb6 21. Nd1 Bf6 22. Ng2 Rfe8 23. h4 Kg7 24. Rf2 Ne7 25. Nc3 Qa5 26. Qd1 Nb5 27. Nxb5 Rxb5 28. Be6 Bxe6 29. Bd2 Bb3 30. Qxb3 Rxb3 31. Bxa5 Rxb2 32. Rxb2 Bxb2 33. Re6 d5 34. Bc7 c4 35. dxc4 dxc4 36. Ne3 Kf7 37. Ra6 Rc8 38. Rxa7 Bd4 39. Nxc4 Bxa7 40. Nd6+ Ke6 41. Nxc8 Nxc8 42. h5 Nb6 43. Kh3 Nc4 44. g4 Kd7 45. hxg6 hxg6 46. gxf5 gxf5 0-1

[Event "Ruhrgebiet Verbandsklasse Gruppe 1 1415"]
[Site "Germany"]
[Date "2015.04.26"]
[Round "9.1"]
[White "Puetter, Pascal"]
[Black "Borgschulze, Maik"]
[Result "0-1"]
[WhiteElo "1996"]
[BlackElo "2109"]
[PlyCount "80"]
[EventDate "2014.09.21"]
[EventType "team-tourn"]
[EventRounds "9"]
[EventCountry "GER"]
[SourceTitle "EXT 2022"]
[Source "ChessBase"]
[SourceDate "2021.10.06"]
[SourceVersion "1"]
[SourceVersionDate "2021.10.06"]
[SourceQuality "1"]
[WhiteTeam "Oberhausen SW"]
[BlackTeam "Mengede SG"]
[WhiteTeamCountry "GER"]
[BlackTeamCountry "GER"]

1. d4 Nf6 2. c4 e6 3. g3 c5 4. d5 exd5 5. cxd5 d6 6. Nc3 g6 7. Bg2 Bg7 8. Nf3 0-0 9. 0-0 a6 10. a4 Re8 11. Bf4 h6 12. h4 Qe7 13. Nd2 Nh5 14. Be3 Nxg3 15. fxg3 Qxe3+ 16. Kh2 Be5 17. Nce4 Qd4 18. Ra3 f5 19. Rd3 Qb4 20. Nc3 Qxh4+ 21. Kg1 Qb4 22. e4 Bd7 23. exf5 Bxf5 24. Be4 Bxe4 25. Ncxe4 Nd7 26. Qg4 Nf8 27. Rdf3 Qd4+ 28. Kh1 Qxd5 29. Nc4 h5 30. Qh4 Nd7 31. Nxe5 Rxe5 32. Nf6+ Nxf6 33. Qxf6 Qe6 34. Qf4 Rf5 35. Qh6 Rxf3 36. Rxf3 Qe4 37. Kg2 Re8 38. a5 d5 39. Kh2 Qxf3 40. Qxg6+ Kf8 0-1

[Event "Ruhrgebiet Verbandsklasse Gruppe 1 1415"]
[Site "Germany"]
[Date "2015.03.01"]
[Round "7.1"]
[White "Doering, Carsten"]
[Black "Borgschulze, Maik"]
[Result "0-1"]
[WhiteElo "1955"]
[BlackElo "2100"]
[PlyCount "33"]
[EventDate "2014.09.21"]
[EventType "team-tourn"]
[EventRounds "9"]
[EventCountry "GER"]
[SourceTitle "EXT 2022"]
[Source "ChessBase"]
[SourceDate "2021.10.06"]
[SourceVersion "1"]
[SourceVersionDate "2021.10.06"]
[SourceQuality "1"]
[WhiteTeam "Hervest Dorsten"]
[BlackTeam "Mengede SG"]
[WhiteTeamCountry "GER"]
[BlackTeamCountry "GER"]

1. d4 Nf6 2. c4 e6 3. g3 c5 4. d5 exd5 5. cxd5 d6 6. Bg2 g6 7. Nc3 Bg7 8. Nf3 0-0 9. 0-0 Re8 10. Nd2 a6 11. a4 Nbd7 12. f4 Ng4 13. Nc4 Nb6 14. Nxb6 Qxb6 15. Bf3 Ne3 16. Bxe3 Rxe3 17. a5 0-1

[Event "Ruhrgebiet Verbandsklasse Gruppe 1 1415"]
[Site "Germany"]
[Date "2015.01.18"]
[Round "5.1"]
[White "Borgschulze, Maik"]
[Black "Grube, Frank"]
[Result "1/2-1/2"]
[WhiteElo "2100"]
[BlackElo "1846"]
[PlyCount "63"]
[EventDate "2014.09.21"]
[EventType "team-tourn"]
[EventRounds "9"]
[EventCountry "GER"]
[SourceTitle "EXT 2022"]
[Source "ChessBase"]
[SourceDate "2021.10.06"]
[SourceVersion "1"]
[SourceVersionDate "2021.10.06"]
[SourceQuality "1"]
[WhiteTeam "Mengede SG"]
[BlackTeam "Unna SV"]
[WhiteTeamCountry "GER"]
[BlackTeamCountry "GER"]

1. d4 d5 2. c4 e6 3. Nc3 c5 4. cxd5 exd5 5. Nf3 Nc6 6. g3 Nf6 7. Bg2 Be7 8. 0-0 0-0 9. Bg5 cxd4 10. Nxd4 h6 11. Be3 Bg4 12. h3 Be6 13. Rc1 Qd7 14. Kh2 Rfe8 15. Nxc6 bxc6 16. Na4 h5 17. Bc5 Bd8 18. Bd4 Bf5 19. Nc5 Qc7 20. e3 h4 21. Qf3 Be4 22. Qf4 Nh5 23. Qxc7 Bxc7 24. Bxe4 hxg3+ 25. Kg2 dxe4 26. Na6 Be5 27. Bxe5 Rxe5 28. fxg3 Ra5 29. Rxc6 Rxa2 30. Rf2 Rd8 31. Nc5 Nf6 32. g4 1/2-1/2

[Event "Ruhrgebiet Verbandsklasse Gruppe 1 1415"]
[Site "Germany"]
[Date "2014.11.16"]
[Round "3.1"]
[White "Borgschulze, Maik"]
[Black "Viebahn, Dirk"]
[Result "1/2-1/2"]
[WhiteElo "2100"]
[BlackElo "2135"]
[PlyCount "85"]
[EventDate "2014.09.21"]
[EventType "team-tourn"]
[EventRounds "9"]
[EventCountry "GER"]
[SourceTitle "EXT 2022"]
[Source "ChessBase"]
[SourceDate "2021.10.06"]
[SourceVersion "1"]
[SourceVersionDate "2021.10.06"]
[SourceQuality "1"]
[WhiteTeam "Mengede SG"]
[BlackTeam "Muelheim SC"]
[WhiteTeamCountry "GER"]
[BlackTeamCountry "GER"]

1. c4 g6 2. Nf3 c5 3. g3 Bg7 4. Bg2 Nc6 5. 0-0 e6 6. Nc3 Nge7 7. d3 0-0 8. Bd2 d5 9. Rb1 b6 10. a3 Bb7 11. b4 cxb4 12. axb4 dxc4 13. dxc4 Rc8 14. c5 Ne5 15. Nxe5 Bxg2 16. Nxf7 Rxf7 17. Kxg2 bxc5 18. bxc5 Rxc5 19. Ne4 Rd5 20. Qc1 Qa8 21. Bf4 e5 22. Bg5 Nf5 23. f3 h6 24. Bd2 Kh7 25. g4 Nd4 26. Qc4 Rdd7 27. Rfc1 Qf8 28. Rc3 Qe7 29. Qa6 Rb7 30. Rcc1 Rxb1 31. Rxb1 Qc7 32. Bc3 Nc2 33. Qd3 Nd4 34. h4 Ne6 35. e3 Kg8 36. Qd5 Qd7 37. Nd6 e4 38. Rb7 exf3+ 39. Kf2 Qd8 40. g5 Rxb7 41. Qxe6+ Kh7 42. Nxb7 Qd3 43. Qe7 1/2-1/2

[Event "NRW Verbandsklasse Group2 1314"]
[Site "Nordrheinwestfalen"]
[Date "2014.03.09"]
[Round "8.1"]
[White "Unteregge, Michael"]
[Black "Borgschulze, Maik"]
[Result "1/2-1/2"]
[WhiteElo "1967"]
[BlackElo "2095"]
[PlyCount "21"]
[EventDate "2013.09.08"]
[EventType "team-tourn"]
[EventRounds "9"]
[EventCountry "GER"]
[SourceTitle "EXT 2020"]
[Source "ChessBase"]
[SourceDate "2019.10.17"]
[SourceVersion "1"]
[SourceVersionDate "2019.10.17"]
[SourceQuality "1"]
[WhiteTeam "Germania Kupferdreh"]
[BlackTeam "Mengede SG"]
[WhiteTeamCountry "GER"]
[BlackTeamCountry "GER"]

1. Nf3 Nf6 2. c4 g6 3. g3 Bg7 4. Bg2 0-0 5. 0-0 d6 6. d4 Nc6 7. Nc3 a6 8. b3 Rb8 9. Nd5 Nd7 10. Bb2 b5 11. cxb5 1/2-1/2

[Event "Ruhrgebiet Verbandsliga2 1213"]
[Site "Nordrheinwestfalen"]
[Date "2013.04.07"]
[Round "8"]
[White "Borgschulze, Maik"]
[Black "Wolter, Detlef"]
[Result "1/2-1/2"]
[WhiteElo "2109"]
[BlackElo "2163"]
[PlyCount "119"]
[EventDate "2012.09.02"]
[EventType "team-tourn"]
[EventRounds "9"]
[EventCountry "GER"]
[SourceTitle "EXT 2020"]
[Source "ChessBase"]
[SourceDate "2019.10.17"]
[SourceVersion "1"]
[SourceVersionDate "2019.10.17"]
[SourceQuality "1"]
[WhiteTeam "Mengede SG"]
[BlackTeam "Hoentrop SG"]
[WhiteTeamCountry "GER"]
[BlackTeamCountry "GER"]

1. c4 Nf6 2. g3 g6 3. Bg2 Bg7 4. Nc3 0-0 5. e4 d6 6. Nge2 Nc6 7. 0-0 Rb8 8. d3 a6 9. a4 b6 10. h3 Bb7 11. Be3 e6 12. Qd2 d5 13. exd5 exd5 14. Nxd5 Nxd5 15. Bxd5 Qc8 16. Bh6 Qxh3 17. Bxg7 Kxg7 18. Qc3+ Kg8 19. Nf4 Qh6 20. Rfe1 Qg7 21. Qxg7+ Kxg7 22. Bxc6 Bxc6 23. Re7 Rfc8 24. Rae1 Kf8 25. b3 Re8 26. Rxe8+ Rxe8 27. Kf1 g5 28. Rxe8+ Kxe8 29. Ne2 Bf3 30. Nd4 Bg4 31. f3 Bh3+ 32. Kf2 c5 33. Ne2 h5 34. a5 bxa5 35. Nc3 Bf5 36. Na4 Bxd3 37. Nxc5 Bc2 38. f4 gxf4 39. gxf4 Ke7 40. Kg3 Kf6 41. Nb7 Bxb3 42. Nxa5 Ba2 43. c5 Bd5 44. Kh4 Kf5 45. c6 Kxf4 46. c7 Be6 47. Kxh5 f5 48. Nc4 Kg3 49. Kg5 f4 50. Kf6 Bh3 51. Nd6 f3 52. Nf5+ Bxf5 53. Kxf5 f2 54. c8Q f1Q+ 55. Ke4 Qe2+ 56. Kd4 Qd2+ 57. Ke4 a5 58. Qc7+ Kg2 59. Qc6 Kf1 60. Qb5+ 1/2-1/2

[Event "Ruhrgebiet Verbandsliga2 1213"]
[Site "Nordrheinwestfalen"]
[Date "2012.10.28"]
[Round "3.2"]
[White "Borgschulze, Maik"]
[Black "Boehm, Juergen1111"]
[Result "1/2-1/2"]
[WhiteElo "2109"]
[BlackElo "2105"]
[PlyCount "93"]
[EventDate "2012.09.02"]
[EventType "team-tourn"]
[EventRounds "9"]
[EventCountry "GER"]
[SourceTitle "EXT 2020"]
[Source "ChessBase"]
[SourceDate "2019.10.17"]
[SourceVersion "1"]
[SourceVersionDate "2019.10.17"]
[SourceQuality "1"]
[WhiteTeam "Mengede SG"]
[BlackTeam "Brackel SF II"]
[WhiteTeamCountry "GER"]
[BlackTeamCountry "GER"]

1. d4 d5 2. c4 c6 3. Nc3 Nf6 4. e3 e6 5. Nf3 Nbd7 6. Bd3 dxc4 7. Bxc4 b5 8. Bd3 Bb7 9. a3 b4 10. Ne4 bxa3 11. bxa3 c5 12. Nxf6+ gxf6 13. Rb1 Rb8 14. Qa4 Rg8 15. Qxa7 Qc7 16. Be4 Bxe4 17. Qxc7 Rxb1 18. Qc8+ Ke7 19. Ke2 Rb8 20. Qc7 Rb7 21. Qf4 f5 22. Ne5 Rxg2 23. Rd1 Bg7 24. Nxd7 Rg4 25. Nxc5 Rxf4 26. exf4 Rb1 27. a4 Bd5 28. Ke3 Ra1 29. Kd3 Bf3 30. Re1 Bc6 31. Bd2 Ra2 32. Bb4 Kf6 33. d5 Bxd5 34. Bc3+ Ke7 35. Bxg7 Ra3+ 36. Kd2 f6 37. Rc1 Kf7 38. Bh8 Rh3 39. Nb7 Bxb7 40. Rc7+ Kg8 41. Bxf6 Bd5 42. a5 Rxh2 43. Ke3 Rh3+ 44. Kd4 Ra3 45. Rg7+ Kf8 46. Rxh7 Rxa5 47. Be5 1/2-1/2

[Event "Ruhrgebiet Verbandsliga2 1213"]
[Site "Nordrheinwestfalen"]
[Date "2012.09.02"]
[Round "1.2"]
[White "Frohne, Gerd"]
[Black "Borgschulze, Maik"]
[Result "1-0"]
[WhiteElo "2073"]
[BlackElo "2109"]
[PlyCount "59"]
[EventDate "2012.09.02"]
[EventType "team-tourn"]
[EventRounds "9"]
[EventCountry "GER"]
[SourceTitle "EXT 2020"]
[Source "ChessBase"]
[SourceDate "2019.10.17"]
[SourceVersion "1"]
[SourceVersionDate "2019.10.17"]
[SourceQuality "1"]
[WhiteTeam "Gladbeck SG"]
[BlackTeam "Mengede SG"]
[WhiteTeamCountry "GER"]
[BlackTeamCountry "GER"]

1. d4 Nf6 2. c4 e6 3. Nf3 Bb4+ 4. Bd2 Qe7 5. Nc3 0-0 6. g3 d6 7. Bg2 Bxc3 8. Bxc3 Ne4 9. Rc1 Nxc3 10. Rxc3 e5 11. 0-0 Re8 12. c5 e4 13. cxd6 cxd6 14. Ne1 d5 15. f3 Bf5 16. Qb3 exf3 17. Bxf3 Nc6 18. Qxd5 Bh3 19. Rf2 g6 20. Nc2 Rad8 21. Qb3 Nxd4 22. Nxd4 Rxd4 23. Bd5 Qd7 24. Bxf7+ Kg7 25. Rc1 Rc8 26. Re1 Rf8 27. Qc3 Rxf7 28. Rd1 Rxf2 29. Kxf2 Qf5+ 30. Kg1 1-0

[Event "Ruhrgebiet VK2 1112"]
[Site "Nordrheinwestfalen"]
[Date "2011.12.11"]
[Round "4"]
[White "Borgschulze, Maik"]
[Black "Borjini, Mohamed"]
[Result "0-1"]
[WhiteElo "2145"]
[BlackElo "2033"]
[PlyCount "38"]
[EventDate "2012.09.18"]
[EventType "team-tourn"]
[EventRounds "9"]
[EventCountry "GER"]
[SourceTitle "EXT 2020"]
[Source "ChessBase"]
[SourceDate "2019.10.17"]
[SourceVersion "1"]
[SourceVersionDate "2019.10.17"]
[SourceQuality "1"]
[WhiteTeam "Mengede SG"]
[BlackTeam "Marten Boevinghausen"]
[WhiteTeamCountry "GER"]
[BlackTeamCountry "GER"]

1. c4 g6 2. Nc3 Bg7 3. d4 Nf6 4. e4 d6 5. Be2 0-0 6. Nf3 e5 7. 0-0 Nc6 8. d5 Ne7 9. Nd2 Nd7 10. b4 f5 11. c5 Nf6 12. a4 f4 13. Nc4 g5 14. h3 Ng6 15. Ba3 Rf7 16. b5 Bf8 17. cxd6 Bxd6 18. Bg4 Bxg4 19. Qxg4 Rc8 0-1

[Event "Ruhrgebiet VK2 1112"]
[Site "Nordrheinwestfalen"]
[Date "2011.10.09"]
[Round "2"]
[White "Borgschulze, Maik"]
[Black "Kordonowski, Frank"]
[Result "0-1"]
[WhiteElo "2145"]
[BlackElo "2002"]
[PlyCount "144"]
[EventDate "2012.09.18"]
[EventType "team-tourn"]
[EventRounds "9"]
[EventCountry "GER"]
[SourceTitle "EXT 2020"]
[Source "ChessBase"]
[SourceDate "2019.10.17"]
[SourceVersion "1"]
[SourceVersionDate "2019.10.17"]
[SourceQuality "1"]
[WhiteTeam "Mengede SG"]
[BlackTeam "Altenessen"]
[WhiteTeamCountry "GER"]
[BlackTeamCountry "GER"]

1. c4 Nf6 2. Nc3 g6 3. d4 Bg7 4. e4 d6 5. Nf3 0-0 6. Be2 e5 7. 0-0 Nc6 8. d5 Ne7 9. Nd2 c5 10. Rb1 Ne8 11. b4 cxb4 12. Rxb4 f5 13. a4 Nf6 14. Ba3 b6 15. a5 bxa5 16. Rb2 Bh6 17. c5 dxc5 18. Nc4 Kh8 19. Bxc5 fxe4 20. Nxe5 Bd7 21. Ba6 Bf4 22. Bd4 Qc7 23. Rb7 Qxe5 24. Bxe5 Bxe5 25. Nxe4 Rad8 26. Nxf6 Rxf6 27. Bb5 Bxb5 28. Rxb5 Nf5 29. Re1 Bc3 30. Rf1 Rdf8 31. Qd3 Bb4 32. d6 Nxd6 33. Rd5 h5 34. Kh1 Kg7 35. Qd4 Kh6 36. Qe3+ Kh7 37. h3 R8f7 38. f4 Nf5 39. Qd3 h4 40. Rf3 Rc6 41. Kg1 Rc1+ 42. Kf2 Ng3 43. Rxg3 hxg3+ 44. Ke2 Re7+ 45. Re5 Rxe5+ 46. fxe5 Re1+ 47. Kf3 Rxe5 48. Kxg3 Re7 49. Qd4 Rf7 50. Kg4 Bf8 51. h4 Rb7 52. Qd5 Rb4+ 53. Kf3 a4 54. h5 gxh5 55. Qxh5+ Kg7 56. Qe5+ Kf7 57. g4 a3 58. Qc7+ Ke6 59. Qxa7 Rb2 60. g5 a2 61. Qe3+ Kf7 62. Qf4+ Kg8 63. Qc4+ Kh8 64. g6 a1Q 65. Qd4+ Kg8 66. Qd5+ Kg7 67. Qe5+ Kxg6 68. Qe6+ Kg7 69. Qe5+ Kf7 70. Qf5+ Ke7 71. Qe5+ Kd7 72. Qd5+ Bd6 0-1

[Event "Ruhrgebiet Verbandsliga2 1011"]
[Site "Nordrheinwestfalen"]
[Date "2011.04.10"]
[Round "9.1"]
[White "Borgschulze, Maik"]
[Black "Torres Kuckel, Rafael"]
[Result "1/2-1/2"]
[WhiteElo "2145"]
[BlackElo "2162"]
[PlyCount "49"]
[EventDate "2010.09.12"]
[EventType "team-tourn"]
[EventRounds "9"]
[EventCountry "GER"]
[SourceTitle "EXT 2020"]
[Source "ChessBase"]
[SourceDate "2019.10.17"]
[SourceVersion "1"]
[SourceVersionDate "2019.10.17"]
[SourceQuality "1"]
[WhiteTeam "Mengede SG"]
[BlackTeam "Ahlen SV"]
[WhiteTeamCountry "GER"]
[BlackTeamCountry "GER"]

1. c4 f5 2. g3 e5 3. Bg2 Nc6 4. d3 Nf6 5. Nc3 g6 6. Rb1 a5 7. a3 Bg7 8. b4 axb4 9. axb4 d6 10. b5 Ne7 11. Qb3 Rb8 12. Nd5 b6 13. Bb2 Nexd5 14. cxd5 Bb7 15. Nh3 h6 16. e4 0-0 17. f3 Nd7 18. 0-0 Nc5 19. Qc4 Bc8 20. f4 Kh7 21. fxe5 dxe5 22. Ba3 fxe4 23. dxe4 Rxf1+ 24. Rxf1 Bf8 25. Rf7+ 1/2-1/2